|
|
|
|
| LEADER |
00000nam0a2200000 4500 |
| 001 |
259032 |
| 005 |
20231031220500.0 |
| 020 |
|
|
|a RU
|b 85-43098ж
|
| 035 |
|
|
|a (RuTPU)RU\TPU\book\281926
|
| 035 |
|
|
|a RU\TPU\book\236716
|
| 090 |
|
|
|a 259032
|
| 100 |
|
|
|a 20140430c1988 k a0rusy5003 ca
|
| 101 |
0 |
|
|a rus
|
| 102 |
|
|
|a RU
|
| 105 |
|
|
|a y z 001zy
|
| 200 |
0 |
|
|a Третий Всероссийский съезд Советов
|e история созыва, состав, работа
|f Н. Н. Смирнов
|g Академия наук СССР (АН СССР), Институт истории СССР
|
| 210 |
|
|
|a Ленинград
|c Наука
|d 1988
|
| 215 |
|
|
|a 124 с.
|
| 320 |
|
|
|a Библиогр.: с. 50-55.
|
| 606 |
1 |
|
|a КПСС-съезды
|x РКП(б) 7-й
|y Петроград
|z 1918
|2 stltpush
|3 (RuTPU)RU\TPU\subj\14869
|
| 610 |
1 |
|
|a история
|
| 610 |
1 |
|
|a состав
|
| 610 |
1 |
|
|a работа
|
| 610 |
1 |
|
|a государственное строительство
|
| 686 |
|
|
|a Ф61(2)271.1
|2 rubbk
|
| 700 |
|
1 |
|a Смирнов
|b Н. Н.
|
| 712 |
0 |
2 |
|a Академия наук СССР (АН СССР)
|b Институт истории СССР
|c (1968-1991)
|c (Москва)
|2 stltpush
|3 (RuTPU)RU\TPU\col\11069
|
| 801 |
|
0 |
|a RU
|b 63413507
|c 19950704
|g psbo
|
| 801 |
|
1 |
|a RU
|b 63413507
|c 20120528
|
| 801 |
|
2 |
|a RU
|b 63413507
|c 20141014
|g RCR
|
| 942 |
|
|
|c BK
|